01137 2200265 4500001002100000005001500021035002000036008004100056020001800097041000800115082001100123084001700134100001600151245005300167250001200220260005100232300002700283500003000310504001700340520035300357650004900710650006000759990002600819990002600845INLIS00000000000040920221101041433 a0010-0520000409221101 | | eng  a0 521 60522 9 aeng a343.41 a343.41 REE i0 aReed, Chris1 aInternet Law :bText and Materials /cChris Reed a2nd Ed. aCambridge :bCambridge University Press,c2004 axxxiv, 315 p. ;c23 cm aIndeks : indeks 315 - 328 aBibliography aThis book explains the fundamental principles of law which apply to the Internet. It does this by (a) identifying the special legal problems which the Internet has created, (b) examining the ways in which these are dealt with in different countries, and (c) identifying the common principles which are used globally to regulate use of the Internet. 4aInternet Law and Legislation - Great Britain 4aComputer Network - Law and Legislations - Great Britain a06661/MKRI-P/XII-2007 a06661/MKRI-P/XII-2007